[Event "HUN-chT4 1617"]
[Site "Hungary"]
[Date "2016.10.02"]
[Round "1.2"]
[White "Posfai, Zoltan"]
[Black "Kiss, Balazs"]
[Result "1-0"]
[WhiteElo "1741"]
[BlackElo "1967"]
[PlyCount "89"]
[EventDate "2016.10.02"]
[EventType "team-tourn"]
[EventRounds "7"]
[EventCountry "HUN"]
[SourceTitle "EXT 2019"]
[Source "ChessBase"]
[SourceDate "2018.10.10"]
[SourceVersion "1"]
[SourceVersionDate "2018.10.10"]
[SourceQuality "1"]

1. e4 e5 2. Nf3 Nf6 3. Nxe5 d6 4. Nf3 Nxe4 5. d3 Nf6 6. d4 Be7 7. Bd3 0-0 8. 0-0 d5 9. Re1 Nc6 10. c3 Bg4 11. Bg5 Re8 12. Nbd2 Qd7 13. Qc2 h6 14. Bh4 Ne4 15. Bxe7 Nxd2 16. Nxd2 Rxe7 17. h3 Bh5 18. Bf5 Qd6 19. g4 Bg6 20. Bxg6 fxg6 21. Rxe7 Nxe7 22. Nf3 Qf4 23. Qe2 Rf8 24. Kg2 h5 25. Ne5 g5 26. Re1 Kh7 27. Nd3 Qe4+ 28. Qxe4+ dxe4 29. Rxe4 Ng6 30. gxh5 Nh4+ 31. Kf1 Rf3 32. Re3 Rf7 33. Ne5 Rf6 34. Ng4 Rb6 35. b3 Ra6 36. a4 b5 37. axb5 Ra1+ 38. Ke2 Ra2+ 39. Kd3 Rb2 40. b4 Ng2 41. Re7 Nf4+ 42. Kc4 Nxh3 43. h6 Nxf2 44. Rxg7+ Kh8 45. Nf6 1-0

[Event "HUN-chT2 Szechenyi 1516"]
[Site "Hungary"]
[Date "2015.11.29"]
[Round "5.9"]
[White "Hajdu, Istvan"]
[Black "Kiss, Balazs"]
[Result "1/2-1/2"]
[WhiteElo "1897"]
[BlackElo "1965"]
[PlyCount "160"]
[EventDate "2015.09.13"]
[EventType "team-tourn"]
[EventRounds "11"]
[EventCountry "HUN"]
[SourceTitle "CBM 170 Extra"]
[Source "ChessBase"]
[SourceDate "2016.02.25"]
[SourceVersion "1"]
[SourceVersionDate "2016.02.25"]
[SourceQuality "1"]
[WhiteTeam "HVSE Infraplan"]
[BlackTeam "Gyor Elektromos"]
[WhiteTeamCountry "HUN"]
[BlackTeamCountry "HUN"]

1. e4 e5 2. Nf3 Nf6 3. Nc3 Bb4 4. Bc4 d6 5. 0-0 Bg4 6. a3 Ba5 7. h3 Bh5 8. b4 Bb6 9. Re1 0-0 10. Na4 Nc6 11. Nxb6 axb6 12. c3 Qe7 13. Re3 Nd8 14. Qe1 Ne6 15. Bb2 Nf4 16. d4 Kh8 17. Nd2 Bg6 18. Bf1 Rfd8 19. g3 Ne6 20. Bg2 h5 21. d5 Nf8 22. f4 N8d7 23. c4 c5 24. b5 Bh7 25. Qe2 h4 26. f5 hxg3 27. Rxg3 g6 28. fxg6 Bxg6 29. Bf3 Rg8 30. Kh2 Bh7 31. Rag1 Rxg3 32. Rxg3 Rg8 33. Rxg8+ Bxg8 34. Nf1 Ne8 35. Bc1 Qh4 36. Qe3 Bh7 37. Ng3 Ng7 38. Qh6 Qf6 39. Qxf6 Nxf6 40. Bg5 Nge8 41. Bh6 Ng7 42. h4 Bg6 43. Kh3 Kg8 44. Bg5 Nge8 45. h5 Bh7 46. Kh4 Kg7 47. a4 Nd7 48. Bg4 Nef6 49. Bxd7 Nxd7 50. Be7 Nf6 51. Bxd6 Nxe4 52. Bxe5+ f6 53. Bc7 Nxg3 54. Kxg3 Bd3 55. Bxb6 Bxc4 56. d6 Be6 57. Bxc5 Bd7 58. Bd4 Kf7 59. Kf4 Kg7 60. h6+ Kxh6 61. Bxf6 Kg6 62. Ke5 Kf7 63. Bd8 Ke8 64. Bc7 Bg4 65. Kd5 Kd7 66. Kc5 Kc8 67. Kb6 Bf3 68. a5 Be4 69. Kc5 Kd7 70. Kd4 Bf3 71. Kc5 Kc8 72. Kb6 Be4 73. Ka7 Bd3 74. a6 bxa6 75. Kxa6 Be4 76. Kb6 Bf3 77. Kc5 Kd7 78. Kd4 Bb7 79. Ke5 Bg2 80. b6 Bf3 1/2-1/2

[Event "HUN-chT2 Maroczy 1213"]
[Site "Hungary"]
[Date "2012.10.07"]
[Round "2"]
[White "Kiss, Balazs"]
[Black "Metaxasz, Vaszilisz"]
[Result "1/2-1/2"]
[WhiteElo "2043"]
[BlackElo "2151"]
[PlyCount "95"]
[EventDate "2012.09.16"]
[EventType "team-tourn"]
[EventRounds "11"]
[EventCountry "HUN"]
[SourceTitle "EXT 2014"]
[Source "ChessBase"]
[SourceDate "2013.11.20"]
[SourceVersion "1"]
[SourceVersionDate "2013.11.20"]
[SourceQuality "1"]
[WhiteTeam "Oroshaza"]
[BlackTeam "Taban Spartacus"]
[WhiteTeamCountry "HUN"]
[BlackTeamCountry "HUN"]

1. d4 Nf6 2. Nf3 d5 3. Bg5 e6 4. e3 Nbd7 5. c4 c6 6. Nc3 Qa5 7. Bxf6 Nxf6 8. Bd3 Bb4 9. Qb3 0-0 10. 0-0 dxc4 11. Bxc4 a6 12. a3 Be7 13. Bd3 c5 14. Ne4 cxd4 15. Nxd4 Qh5 16. Ng3 Qh6 17. Qd1 Bd7 18. Rc1 Rac8 19. Qf3 Nd5 20. Be4 Bc6 21. Nxc6 bxc6 22. Qe2 Qf6 23. Rc2 Rb8 24. Qxa6 Rxb2 25. Qxc6 Rxc2 26. Qxc2 Bxa3 27. Bxh7+ Kh8 28. Be4 Qc3 29. Qa2 Nf6 30. Bf3 Rc8 31. Ne2 Qb2 32. Qb1 Rc2 33. Qxb2 Bxb2 34. g3 e5 35. Re1 g6 36. h3 Kg7 37. g4 Nd7 38. Ng3 Nc5 39. Kg2 Rc1 40. Rxc1 Bxc1 41. g5 f6 42. gxf6+ Kxf6 43. Bd5 Kg5 44. Ne4+ Nxe4 45. Bxe4 Bd2 46. Kg3 Be1 47. h4+ Kf6 48. Kf3 1/2-1/2

[Event "HUN-chT2 Breyer 0708"]
[Site "Hungary"]
[Date "2008.02.17"]
[Round "6"]
[White "Horvath, Attila"]
[Black "Kiss, Balazs"]
[Result "1-0"]
[WhiteElo "2075"]
[BlackElo "2047"]
[PlyCount "39"]
[EventDate "2007.10.14"]
[EventType "team"]
[EventRounds "11"]
[EventCountry "HUN"]
[SourceTitle "EXT 2009"]
[Source "ChessBase"]
[SourceDate "2008.11.26"]
[SourceVersion "1"]
[SourceVersionDate "2008.11.26"]
[SourceQuality "1"]
[WhiteTeam "Geniusz Tata"]
[BlackTeam "Kisber Aszar"]
[WhiteTeamCountry "HUN"]
[BlackTeamCountry "HUN"]

1. e4 c5 2. d4 cxd4 3. c3 d3 4. c4 d6 5. Nc3 Nf6 6. Bxd3 e6 7. Nf3 Be7 8. 0-0 Nc6 9. Qe2 b6 10. Rd1 a6 11. e5 dxe5 12. Nxe5 Qc7 13. Bf4 Nxe5 14. Bxe5 Qc5 15. Be4 Ra7 16. Na4 Qa5 17. Bb8 Nxe4 18. Qxe4 Bb7 19. Qd4 Ra8 20. Qd7+ 1-0

[Event "Nyiregyhaza op"]
[Site "Nyiregyhaza"]
[Date "2005.07.14"]
[Round "6"]
[White "Kosa, Peter"]
[Black "Kiss, Balazs"]
[Result "0-1"]
[WhiteElo "2123"]
[BlackElo "2046"]
[PlyCount "60"]
[EventDate "2005.07.09"]
[EventType "swiss"]
[EventRounds "9"]
[EventCountry "HUN"]
[SourceTitle "EXT 2008"]
[Source "ChessBase"]
[SourceDate "2007.11.25"]
[SourceVersion "1"]
[SourceVersionDate "2007.11.25"]
[SourceQuality "1"]

1. e4 e5 2. Nf3 Nc6 3. Bb5 a6 4. Ba4 Nf6 5. 0-0 b5 6. Bb3 Be7 7. Re1 0-0 8. c3 d5 9. exd5 Nxd5 10. Nxe5 Nxe5 11. Rxe5 c6 12. d3 Bd6 13. Re1 Qh4 14. g3 Qh3 15. Re4 Qd7 16. Qf3 Bb7 17. Re1 Nf6 18. Nd2 c5 19. Ne4 Nxe4 20. dxe4 c4 21. Bc2 f5 22. Qh5 Rae8 23. Qh3 Qc6 24. f3 Bc5+ 25. Kg2 Qf6 26. Bf4 fxe4 27. Rxe4 Bxe4 28. fxe4 g5 29. Qg4 Qg7 30. Qd1 Rd8 0-1

[Event "HUN-chT2 Toth 0405"]
[Site "Hungary"]
[Date "2005.04.24"]
[Round "11"]
[White "Kiss, Balazs"]
[Black "Zsiros, Gyorgy"]
[Result "1-0"]
[WhiteElo "2111"]
[BlackElo "2002"]
[PlyCount "65"]
[EventDate "2004.09.26"]
[EventType "team"]
[EventRounds "11"]
[EventCountry "HUN"]
[SourceTitle "EXT 2009"]
[Source "ChessBase"]
[SourceDate "2008.11.26"]
[SourceVersion "1"]
[SourceVersionDate "2008.11.26"]
[SourceQuality "1"]
[WhiteTeam "Oroshaza"]
[BlackTeam "GYDSE"]
[WhiteTeamCountry "HUN"]
[BlackTeamCountry "HUN"]

1. d4 Nf6 2. Bg5 g6 3. Bxf6 exf6 4. e3 Bg7 5. c4 0-0 6. Nc3 d6 7. Bd3 c5 8. d5 Nd7 9. e4 Re8 10. Nge2 Ne5 11. 0-0 Nxd3 12. Qxd3 f5 13. Ng3 fxe4 14. Ngxe4 Bf5 15. Rae1 Qh4 16. g3 Qe7 17. Re2 Bg4 18. f3 Bd4+ 19. Kg2 Bf5 20. Qd2 Qd7 21. g4 Bxc3 22. Nxc3 Rxe2+ 23. Nxe2 Bxg4 24. fxg4 Qxg4+ 25. Ng3 Qxc4 26. b3 Qg4 27. h3 Qd7 28. Qh6 Re8 29. Rf4 f5 30. Qg5 Qf7 31. Rxf5 Qg7 32. Rf2 h6 33. Qf6 1-0